000
00319nam a2200109Ia 4500
008
200302s9999 xx 000 0 und d
100
_a
Dr. B. Subrahmanyam
245
_a
Pre, Proto and Early Historic Cultures of Krishna Tungabhadra Valley
260
_b
Bharatiya Kala Prakahan Delhi
260
_c
1997
300
_a
312 P.,
999
_c
3910
_d
3910